000 00302nam a2200109Ia 4500
008 200302s9999 xx 000 0 und d
100 _aVilhelm Helander & Other
245 _aModern Architecture in Finland Suomalainen Rakennustaide
260 _bKirjayhtyma Co. Ltd.
260 _c1987
300 _a208 P.,
999 _c2320
_d2320